Religion Quiz

Random Religion or Nation Quiz

Sunni Islam Country Click Quiz Stats

 Plays Quiz not verified by Sporcle

Score 0/40 Timer 05:00
0 Plays Today
% Correct
Saudi Arabia
95.9%
Egypt
93.1%
Libya
92.8%
Algeria
91.8%
Sudan
90.7%
Yemen
90.6%
Pakistan
88.7%
Afghanistan
86.8%
Morocco
86.3%
Niger
86.1%
Mali
85.1%
Mauritania
84.1%
Turkey
82%
Syria
81.5%
UAE
81.4%
Turkmenistan
80.6%
Uzbekistan
79.8%
Tunisia
79.1%
Jordan
77.4%
Kyrgyzstan
76.2%
% Correct
Somalia
75.2%
Indonesia
74.2%
Tajikistan
73.7%
Kazakhstan
71.7%
Malaysia
61.6%
Palestine
58.2%
Bangladesh
51.8%
Qatar
50.8%
Senegal
47.8%
Maldives
46.9%
Burkina Faso
44.6%
Albania
43.7%
Guinea
43.7%
Djibouti
39.4%
Comoros
38.7%
Kosovo
38%
Kuwait
37.4%
Brunei
35.4%
The Gambia
34%
Sierra Leone
33.5%

You're not logged in!

Compare scores with friends on all Sporcle quizzes.
OR
Log In

Show Comments

Extras

Top Quizzes Today


Score Distribution

Your Account Isn't Verified!

In order to create a playlist on Sporcle, you need to verify the email address you used during registration. Go to your Sporcle Settings to finish the process.

Report this User

Report this user for behavior that violates our Community Guidelines.

Details: